| 000 | 01210pab a2200181 454500 | ||
|---|---|---|---|
| 008 | 180718b2002 xxu||||| |||| 00| 0 eng d | ||
| 100 | _aSavigny, Heather | ||
| 245 | _aPublic opinion, political communication and the internet | ||
| 260 | _c2002 | ||
| 300 | _ap.1-8. | ||
| 362 | _aFeb | ||
| 520 | _aIn contemporary society public opinion is generally mediated by the mass media, which has come to encompass the Harbermasian `public sphere'. This arena is now characterised by the conflict between market and democratic principles, by competing interests of politicians and the media. The presentation of information for debate becomes distorted. The opinion of the `public' is no longer created through deliberation, but is constructed through systems of communication, in conflict with political actors, who seek to retain control of the dissemination of information. The expansion of the internet as a new method of communication provides a potential challenge to the primacy of the traditional media and political parties as formers of public opinion. - Reproduced. | ||
| 650 | _aInternet | ||
| 650 | _aPolitical communication | ||
| 650 | _aPublic opinion | ||
| 773 | _aPolitics | ||
| 909 | _a53540 | ||
| 999 |
_c53540 _d53540 |
||